Поддержка информационной инфраструктуры институтов РАН для развития инновационной деятельности в области химии, химической технологии и биохимии (Запись № 9965025)
[ простой вид ]
| 000 -МАРКЕР | |
|---|---|
| контрольное поле | 02875nam0a2200397 i 4500 |
| 001 - ИДЕНТИФИКАТОР ЗАПИСИ | |
| контрольное поле | RU\NLR\BIBL_A\010458847 |
| 005 - ИДЕНТИФИКАТОР ВЕРСИИ | |
| контрольное поле | 20260407055910.0 |
| 010 ## - МЕЖДУНАРОДНЫЙ СТАНДАРТНЫЙ НОМЕР КНИГИ (ISBN) | |
| Номер (ISBN) | 9785918450505 |
| Тираж | 40 |
| 021 ## - НОМЕР ГОСУДАРСТВЕННОЙ РЕГИСТРАЦИИ | |
| Код страны | Российская Федерация |
| Номер | 2014-48613 |
| Номер Листа государственной регистраци | 2938 |
| 035 ## - ДРУГИЕ СИСТЕМНЫЕ НОМЕРА | |
| Идентификатор записи | (NILC)RuMoRGB-007518231 |
| 035 ## - ДРУГИЕ СИСТЕМНЫЕ НОМЕРА | |
| Идентификатор записи | (NLR Aleph) 010458847 |
| 100 ## - ДАННЫЕ ОБЩЕЙ ОБРАБОТКИ | |
| Данные общей обработки | 20140905d2014 km y0rusy50 ca |
| 101 0# - ЯЗЫК РЕСУРСА | |
| Язык текста, звукозаписи и т.д. | русский |
| 102 ## - СТРАНА ПУБЛИКАЦИИ ИЛИ ПРОИЗВОДСТВА | |
| Страна публикации | Российская Федерация |
| 105 ## - ПОЛЕ КОДИРОВАННЫХ ДАННЫХ: ТЕКСТОВЫЕ МАТЕРИАЛЫ, МОНОГРАФИЧЕСКИЕ | |
| Кодированные данные о монографическом текстовом документе | y|||z|||000yy |
| 200 1# - ЗАГЛАВИЕ И СВЕДЕНИЯ ОБ ОТВЕТСТВЕННОСТИ | |
| Основное заглавие | Поддержка информационной инфраструктуры институтов РАН для развития инновационной деятельности в области химии, химической технологии и биохимии |
| Сведения, относящиеся к заглавию | [сборник тезисов пленарных докладов на Международном семинаре], Черноголовка, 11-14 марта 2014 года |
| Первые сведения об ответственности | [редкол.: чл.-корр. РАН В. Б. Минцев [и др.] |
| 210 ## - ПУБЛИКАЦИЯ, РАСПРОСТРАНЕНИЕ И ДР. | |
| Место издания, распространения и т.д. | Черноголовка |
| Имя издателя, распространителя и т. д. | редакционно-издательский отдел ИПХФ |
| Дата издания, распространения и т.д. | 2014 |
| 215 ## - ФИЗИЧЕСКАЯ ХАРАКТЕРИСТИКА | |
| Специфическое обозначение материала и объем | 29, [1] с. |
| Другие сведения о физической характеристике | табл. |
| Размеры | 21 |
| 300 ## - ОБЩИЕ ПРИМЕЧАНИЯ | |
| Текст примечания | В надзаг.: Российская акад. наук, Ин-т проблем хим. физики РАН, Ин-т органической химии им. Н. Д. Зелинского РАН, Российский фонд фундаментальных исслед., Chemical abstracts service, USA |
| 320 ## - ПРИМЕЧАНИЯ О НАЛИЧИИ В ДОКУМЕНТЕ БИБЛИОГРАФИИ / УКАЗАТЕЛЯ | |
| Текст примечания | Библиогр.: с. 29-30 (12 назв.) |
| 606 1# - НАИМЕНОВАНИЕ ТЕМЫ КАК ПРЕДМЕТ | |
| Наименование темы | Биохимия |
| Формальный подзаголовок | Тезисы докладов |
| Тематический подзаголовок | Информационные системы |
| Системный номер авторитетной/нормативной записи | 2196674 |
| Идентификатор авторитетной/нормативной записи | RU\NLR\AUTH\6601555497 |
| 606 ## - НАИМЕНОВАНИЕ ТЕМЫ КАК ПРЕДМЕТ | |
| Наименование темы | Химия |
| Формальный подзаголовок | Тезисы докладов |
| Тематический подзаголовок | Информационные системы |
| Системный номер авторитетной/нормативной записи | 1192424 |
| Идентификатор авторитетной/нормативной записи | RU\NLR\AUTH\66481464 |
| 606 1# - НАИМЕНОВАНИЕ ТЕМЫ КАК ПРЕДМЕТ | |
| Наименование темы | Химическая технология |
| Формальный подзаголовок | Тезисы докладов |
| Тематический подзаголовок | Информационные системы |
| Системный номер авторитетной/нормативной записи | 2090542 |
| Идентификатор авторитетной/нормативной записи | RU\NLR\AUTH\661265360 |
| 686 1# - ИНДЕКСЫ ДРУГИХ КЛАССИФИКАЦИЙ | |
| Индекс | Г.ф.я431(0) |
| 686 1# - ИНДЕКСЫ ДРУГИХ КЛАССИФИКАЦИЙ | |
| Индекс | Л10ф.я431(0) |
| 686 1# - ИНДЕКСЫ ДРУГИХ КЛАССИФИКАЦИЙ | |
| Индекс | Е072ф.я431(0) |
| 702 #1 - ИМЯ ЛИЦА - ВТОРИЧНАЯ ОТВЕТСТВЕННОСТЬ | |
| Начальный элемент ввода | Минцев |
| Часть имени, кроме начального элемента ввода | В. Б. |
| Расширение инициалов личного имени | Виктор Борисович |
| Код отношения | Редактор |
| 711 12 - НАИМЕНОВАНИЕ ОРГАНИЗАЦИИ - АЛЬТЕРНАТИВНАЯ ОТВЕТСТВЕННОСТЬ | |
| Начальный элемент ввода | "Поддержка информационной инфраструктуры институтов РАН для развития инновационной деятельности в области химии, химической технологии и биохимии", международный семинар |
| Место проведения временной организации | Черноголовка |
| Дата проведения временной организации | 2014 |
| Системный номер авторитетной/нормативной записи | 423081 |
| Идентификатор авторитетной/нормативной записи | RU\NLR\AUTH\880378374 |
| 712 02 - НАИМЕНОВАНИЕ ОРГАНИЗАЦИИ - ВТОРИЧНАЯ ОТВЕТСТВЕННОСТЬ | |
| Код отношения | Прочие |
| Начальный элемент ввода | Институт проблем химической физики |
| Идентифицирующий признак | Черноголовка |
| Идентификатор авторитетной/нормативной записи | RU\NLR\AUTH\8810026597 |
| Системный номер авторитетной/нормативной записи | 551388 |
| 801 #0 - ИСТОЧНИК ЗАПИСИ | |
| Страна | Российская Федерация |
| Организация | РГБ |
| Дата составления | 20140709 |
| Правила каталогизации | RCR |
| 801 #1 - ИСТОЧНИК ЗАПИСИ | |
| Страна | Российская Федерация |
| Организация | РГБ |
| Дата составления | 20140709 |
| Источник данных | rusmarc |
| 942 ## - ДОПОЛНИТЕЛЬНЫЕ ЭЛЕМЕНТЫ ЗАПИСИ (АБИС) | |
| Тип экземпляра АБИС | Книга |
| 980 ## - КОЛЛЕКЦИЯ | |
| Название коллекции | НБР |
Нет доступных экземпляров.